[Event "Muensterland Verbandsklasse-A 0910"]
[Site "Germany"]
[Date "2009.11.21"]
[Round "3.5"]
[White "Boenigk, Winfried"]
[Black "Mueller, Stefan"]
[Result "1/2-1/2"]
[WhiteElo "1774"]
[BlackElo "1711"]
[PlyCount "118"]
[EventDate "2009.09.19"]
[EventType "team-tourn"]
[EventRounds "9"]
[EventCountry "GER"]
[SourceTitle "EXT 2011"]
[Source "ChessBase"]
[SourceDate "2010.11.26"]
[SourceVersion "1"]
[SourceVersionDate "2010.11.26"]
[SourceQuality "1"]
[WhiteTeam "Olfen"]
[BlackTeam "Muenster Indische Dame"]
[WhiteTeamCountry "GER"]
[BlackTeamCountry "GER"]

1. d4 d5 2. c4 e5 3. dxe5 d4 4. Nf3 Nc6 5. Bf4 Be6 6. Nbd2 Nge7 7. a3 Ng6 8. Bg3 Qd7 9. Rc1 Bg4 10. h3 Bxf3 11. Nxf3 0-0-0 12. Qd3 Qe6 13. b4 Ngxe5 14. Nxe5 Nxe5 15. Bxe5 Qxe5 16. g3 Re8 17. Bg2 f5 18. c5 c6 19. Rc2 g5 20. 0-0 h5 21. Rb1 f4 22. Rb3 fxg3 23. Qxg3 Qxg3 24. Rxg3 Be7 25. Rb3 Bf6 26. a4 Re7 27. b5 cxb5 28. axb5 Rc7 29. c6 b6 30. Be4 Rg8 31. Bf5+ Kb8 32. Bd7 Be5 33. Rf3 g4 34. hxg4 hxg4 35. Rf5 Bd6 36. Rd5 Bc5 37. Kg2 Rg7 38. Kg3 Rg6 39. Kg2 Rg8 40. Rc1 Rg6 41. Rh1 Rg8 42. Rh6 a6 43. bxa6 Ka7 44. Re6 Kxa6 45. Re4 Rg7 46. Kg3 Rh7 47. Rxg4 Rh1 48. Kg2 Rc1 49. Rg8 b5 50. Ra8+ Kb6 51. f4 Rc2 52. Re5 d3 53. Ree8 Bd6 54. Bf5 Rxe2+ 55. Rxe2 dxe2 56. Re8 Kxc6 57. Rxe2 Bxf4 58. Rc2+ Kd5 59. Rxc7 Bxc7 1/2-1/2